| 000 -LEADER |
| fixed length control field |
00752nam a22002297a 4500 |
| 001 - CONTROL NUMBER |
| control field |
22047 |
| 003 - CONTROL NUMBER IDENTIFIER |
| control field |
BD-DhUAP |
| 005 - DATE AND TIME OF LATEST TRANSACTION |
| control field |
20240309123717.0 |
| 008 - FIXED-LENGTH DATA ELEMENTS--GENERAL INFORMATION |
| fixed length control field |
240309b19952010ii a|||| |||| 001 0beng d |
| 020 ## - INTERNATIONAL STANDARD BOOK NUMBER |
| International Standard Book Number |
9780521426664 |
| 040 ## - CATALOGING SOURCE |
| Original cataloging agency |
BD-DhUAP |
| Language of cataloging |
eng |
| Transcribing agency |
BD-DhUAP |
| Modifying agency |
BD-DhUAP |
| 082 ## - DEWEY DECIMAL CLASSIFICATION NUMBER |
| Edition number |
23 |
| Classification number |
418. PAR |
| 100 ## - MAIN ENTRY--PERSONAL NAME |
| Personal name |
Parrott, Martin |
| 245 ## - TITLE STATEMENT |
| Title |
Tasks for Language Teachers: |
| Remainder of title |
A Resource Book for Training and Development / |
| Statement of responsibility, etc. |
Martin Parrott . |
| 260 ## - PUBLICATION, DISTRIBUTION, ETC. |
| Place of publication, distribution, etc. |
United Kingdom; |
| Name of publisher, distributor, etc. |
Cambridge University Press, |
| Date of publication, distribution, etc. |
c2010. |
| 300 ## - PHYSICAL DESCRIPTION |
| Extent |
325 Pages; |
| Dimensions |
Language teaching theory & methods |
| 500 ## - GENERAL NOTE |
| General note |
Include Index and Bibliographical Reference. |
| 650 ## - SUBJECT ADDED ENTRY--TOPICAL TERM |
| Topical term or geographic name entry element |
ELT: teaching theory & methods |
| 700 ## - ADDED ENTRY--PERSONAL NAME |
| Personal name |
Wright, Tony |
| 700 ## - ADDED ENTRY--PERSONAL NAME |
| Personal name |
Williams, Marion |
| 942 ## - ADDED ENTRY ELEMENTS (KOHA) |
| Source of classification or shelving scheme |
|
| Koha item type |
Book |